[Event "Cearense-ch 69th"]
[Site "Fortaleza"]
[Date "2000.09.24"]
[Round "3"]
[White "Feijo, Francisco Celio"]
[Black "Regis Pontes, Francisco"]
[Result "0-1"]
[WhiteElo "1929"]
[BlackElo "1800"]
[PlyCount "90"]
[EventDate "2000.??.??"]
[EventType "swiss"]
[EventRounds "9"]
[EventCountry "BRA"]
[SourceTitle "EXT 2003"]
[Source "ChessBase"]
[SourceDate "2002.11.25"]
[SourceVersion "1"]
[SourceVersionDate "2002.11.25"]
[SourceQuality "1"]

1. d4 d5 2. Nf3 Nf6 3. e3 e6 4. Bd3 c5 5. c3 Nc6 6. 0-0 Bd6 7. Nbd2 0-0 8. dxc5 Bxc5 9. Nb3 Bd6 10. Qc2 e5 11. e4 dxe4 12. Bxe4 Nxe4 13. Qxe4 h6 14. Be3 Qe7 15. Rad1 Rd8 16. Nh4 Qe6 17. Bc5 f5 18. Qxf5 Qxf5 19. Nxf5 Bxc5 20. Nxh6+ gxh6 21. Rxd8+ Nxd8 22. Nxc5 b6 23. Rd1 Nf7 24. Ne4 Bf5 25. Ng3 Be6 26. a3 Rd8 27. Rxd8+ Nxd8 28. Ne4 Kf7 29. f3 Nc6 30. b4 Ke7 31. Kf2 Bd5 32. Ng3 Kf6 33. Ke3 Ne7 34. Ne4+ Ke6 35. g4 Ng8 36. Nd2 b5 37. f4 Nf6 38. f5+ Kd6 39. h3 Bg2 40. c4 bxc4 41. Nxc4+ Kd5 42. Kf2 Kxc4 43. Kxg2 Kd3 44. Kf3 e4+ 45. Kf4 e3 0-1